| 000 | 00780nam a2200229 a 4500 | ||
|---|---|---|---|
| 008 | |||
| 020 | _a1859712738 (pbk.) | ||
| 090 |
_aHD30.2 _bHER |
||
| 100 | 1 | _aHerbert, I. | |
| 245 | 1 | 0 |
_aBusiness environment and information technology : _bpractical elements / _cI. Herbert, G. Templeman and L. Mead. |
| 246 | _aReadings in business environment and information technology. | ||
| 260 |
_a[S.l.] : _bChartered Institute of Management Accountants, _c1998. |
||
| 300 | _a5th ed. | ||
| 300 |
_a175 p. : _bill. ; _c30 cm. |
||
| 650 | 1 |
_aBusiness Environment _xInformation technology. |
|
| 907 |
_a.b10229590 _b30-05-13 _c08-02-07 |
||
| 003 | |||
| 005 | 20230123134349.0 | ||
| 040 | _cNUST | ||
| 049 | _aMAIN | ||
| 942 |
_cBOOKS _kHD30.2 _mHER |
||
| 999 |
_c164631 _d164631 |
||